[Event "Skalica Open 2019"]
[Site "Skalica"]
[Date "2019.08.29"]
[Round "6.5"]
[White "Lanka, Zigurds"]
[Black "Karas, Marek"]
[Result "1-0"]
[WhiteElo "2395"]
[BlackElo "2233"]
[Annotator "TA"]
[PlyCount "85"]
[EventDate "2019.08.25"]
[EventType "swiss"]
[EventCountry "SVK"]
[SourceTitle "playchess.com"]
[Source "ChessBase"]
[SourceQuality "1"]

{[%evp 11,85,10,18,10,21,6,19,14,76,70,74,83,82,76,68,75,121,114,174,143,176,183,150,183,153,64,64,64,214,172,234,232,211,229,223,233,238,218,296,311,304,284,300,304,295,283,387,322,369,365,338,329,362,338,341,313,347,336,372,376,385,381,380,386,495,487,522,521,569,456,614,605,589,551,736,703]} 1. Nf3 d5 2. c4 e6 3. b3 Nf6 4. g3 c6 5. Bg2 Nbd7 6. Bb2 Bd6 7. Nc3 {A13: English Opening: 1...e6} (7. d4 O-O 8. O-O b5 9. Nbd2 a5 10. Qc2 bxc4 11. bxc4 Ba6 12. Rfe1 Rb8 13. c5 Bc7 14. Bc3 Qe7 15. e4 dxe4 16. Nxe4 Bc4 17. Nxf6+ Nxf6 {½-½ (35) Timman,J (2541)-Spoelman,W (2573) Amstelveen 2018}) 7... O-O 8. Qc2 Qe7 9. O-O {The position is equal.} a6 (9... e5 $11) 10. d4 $16 b5 11. Nd2 Bb7 12. e4 dxe4 13. Ndxe4 $146 ({Predecessor:} 13. Ncxe4 Ba3 14. Bxa3 Qxa3 {½-½ (42) Kalinin,O (2328)-Kocwin,B (2195) Poronin 2013}) 13... Nxe4 14. Nxe4 (14. Qxe4 Rab8 $14) 14... c5 (14... Rab8 $16) 15. Rad1 {Strongly threatening dxc5.} Rad8 16. cxb5 axb5 17. dxc5 $40 {[%mdl 128] White wants a kill.} Bxc5 {[#]} 18. Qc3 (18. Rxd7 $1 $16 {[%mdl 512]} Bxf2+ (18... Rxd7 19. Nxc5) 19. Rxf2 (19. Qxf2 Rxd7 20. Bf6 Qa3 $16) 19... Qxd7 20. Qc5 Bxe4 21. Bxe4) 18... f6 $14 {[#]} 19. Rxd7 $1 {[%mdl 512]} Rxd7 (19... Bxf2+ $1 $14 20. Rxf2 (20. Nxf2 Rxd7 21. Bh3 Ra8 $14) 20... Rxd7) 20. Nxc5 Rc7 (20... Rc8 $142) 21. b4 ({Not} 21. Nxb7 Rxc3 22. Bxc3 Rb8 $11) 21... Bxg2 22. Kxg2 Qd6 23. Qb3 Re8 24. Re1 Kf7 25. Rd1 Qc6+ 26. Kg1 Rcc8 27. Rd7+ Re7 28. Rd4 Ra8 29. a3 Rae8 30. h4 Kg8 31. h5 h6 32. Qd1 e5 33. Rd6 Qc8 34. Bc1 Qf5 35. Kg2 Kh8 36. Qf3 Qxf3+ 37. Kxf3 e4+ 38. Kf4 {White is clearly winning.} Re5 39. g4 Kh7 40. Rd4 g5+ 41. hxg6+ Kxg6 42. Rd6 h5 43. Bb2 {Accuracy: White = 77%, Black = 35%.} 1-0

[Event "Skalica Open 2019"]
[Site "Skalica"]
[Date "2019.08.29"]
[Round "6.6"]
[White "Istona, Martin"]
[Black "Komliakov, Viktor"]
[Result "1/2-1/2"]
[WhiteElo "2235"]
[BlackElo "2366"]
[Annotator "TA"]
[PlyCount "23"]
[EventDate "2019.08.25"]
[EventType "swiss"]
[EventCountry "SVK"]
[SourceTitle "playchess.com"]
[Source "ChessBase"]
[SourceQuality "1"]

{[%evp 12,23,57,53,71,54,56,62,59,33,41,40,54,52]} 1. e4 g6 2. d4 Bg7 3. Nc3 c6 4. f4 d5 5. e5 h5 6. Nf3 Nh6 7. Be3 a5 {B15: Caro-Kann: 3 Nc3: 3...g6 and 3...dxe4 4 Nxe4 Nf6 5 Nxf6+ exf6} 8. Bd3 Bf5 $146 {White is slightly better.} ({Predecessor:} 8... a4 9. a3 Bf5 10. O-O Bxd3 11. Qxd3 e6 12. Bf2 Nf5 13. g3 Nd7 14. h3 Bf8 15. Kg2 {1-0 (42) Heberla,B (2437)-Bologan,V (2663) Warsaw 2004}) 9. Be2 Bg4 10. h3 Bxf3 11. Bxf3 h4 12. Bf2 1/2-1/2

[Event "Skalica Open 2019"]
[Site "Skalica"]
[Date "2019.08.29"]
[Round "6.7"]
[White "Sahidi, Samir"]
[Black "Husek, Martin"]
[Result "1-0"]
[WhiteElo "2366"]
[BlackElo "2182"]
[Annotator "TA"]
[PlyCount "81"]
[EventDate "2019.08.25"]
[EventType "swiss"]
[EventCountry "SVK"]
[SourceTitle "playchess.com"]
[Source "ChessBase"]
[SourceQuality "1"]

{[%evp 23,81,0,0,0,0,0,0,0,0,0,0,0,0,0,0,12,9,4,40,16,9,0,11,11,10,8,10,7,84,90,86,89,177,181,189,179,152,166,172,176,175,175,199,199,197,160,234,242,228,223,209,172,306,304,292,293,318,321,362,339]} 1. d4 Nf6 2. c4 e6 3. Nf3 d5 4. g3 dxc4 5. Qa4+ Nbd7 6. Bg2 a6 7. Nc3 Rb8 8. Qxc4 b5 9. Qd3 Bb7 10. Bf4 Rc8 11. O-O c5 12. dxc5 Bxc5 13. Ne5 {E02: Open Catalan: 5 Qa4+} Bxg2 14. Kxg2 Nxe5 15. Qxd8+ {The position is equal.} Rxd8 (15... Kxd8 16. Bxe5 Ke7 17. Rfd1 Ng4 18. Bxg7 Nxf2 19. Bxh8 Nxd1 20. Rxd1 Rxh8 {½-½ (40) Grachev,B (2650)-Khismatullin,D (2639) Moscow 2017}) 16. Bxe5 Ke7 17. Rac1 $146 ({Predecessor:} 17. Bxf6+ gxf6 18. Rac1 Bd4 19. Kf3 Rc8 20. Rfd1 Bxc3 21. Rxc3 Rxc3+ 22. bxc3 {½-½ (40) Bjerke,R (2280)-Plachetka,J (2450) Gausdal 1986}) 17... Bd4 18. Bc7 Rc8 19. Ba5 e5 20. e3 Bc5 (20... Bxc3 $5 21. Bxc3 Ke6 $11) 21. Rfd1 Ke6 22. b4 Be7 23. a4 $1 bxa4 24. Nxa4 Rxc1 25. Rxc1 Nd5 {[#]} (25... Rb8 $1 $11 {keeps the balance.}) 26. Rc6+ $1 $16 Kd7 27. Rxa6 Bxb4 {[#]} (27... Nxb4 $16 {is a better defense.} 28. Ra7+ Ke6) 28. Ra7+ $1 $18 Kd6 29. Bxb4+ Nxb4 30. Rxf7 {[%mdl 4096] Endgame KRN-KRN} Rg8 31. Nc3 Ke6 32. Ra7 Nc6 33. Rb7 h6 34. h4 Nd8 (34... Nb8 $16 35. f4 Nd7 36. f5+ Kd6) 35. Rb6+ Kd7 36. Nd5 Rf8 37. Nb4 Rf7 (37... Rf6 $142 38. Rb5 Nf7) 38. Nd3 Re7 39. Nc5+ Kc7 40. Rg6 Rf7 41. Ne6+ {Accuracy: White = 77%, Black = 47%.} 1-0

[Event "Skalica Open 2019"]
[Site "Skalica"]
[Date "2019.08.29"]
[Round "6.8"]
[White "Aleksandrovskiy, Dmitriy"]
[Black "Kuznetsov, Mikhail V."]
[Result "1/2-1/2"]
[WhiteElo "2284"]
[BlackElo "2261"]
[Annotator "TA"]
[PlyCount "36"]
[EventDate "2019.08.25"]
[EventType "swiss"]
[EventCountry "SVK"]
[SourceTitle "playchess.com"]
[Source "ChessBase"]
[SourceQuality "1"]

{[%evp 18,24,12,3,7,-10,5,-3,-7]} 1. e4 e5 2. Nf3 Nf6 3. Nxe5 d6 4. Nf3 Nxe4 5. Qe2 Qe7 6. d3 Nf6 7. Bg5 Qxe2+ 8. Bxe2 Be7 9. Nc3 c6 10. Ne4 {The position is equal.} Nbd7 {C42: Petroff Defence: 3 Nxe5 and unusual White 3rd moves} (10... Nxe4 11. dxe4 Bxg5 12. Nxg5 h6 13. Nf3 Ke7 14. O-O-O Rd8 15. Nd4 {½-½ (15) Svidler,P (2754)-Grischuk,A (2736) Moscow 2009}) 11. Nxf6+ Bxf6 12. Bxf6 Nxf6 {Predecessor:} 13. O-O $146 O-O 14. Rfe1 Re8 15. h3 Bd7 16. Bf1 Rxe1 17. Rxe1 Re8 18. Rxe8+ Bxe8 {½-½ (38) Karasev,V (2354)-Zhelnin,V (2464) Sochi 2016} 1/2-1/2

[Event "Skalica Open 2019"]
[Site "Skalica"]
[Date "2019.08.29"]
[Round "6.9"]
[White "Czebe, Attila"]
[Black "Londin, Simon"]
[Result "1-0"]
[WhiteElo "2413"]
[BlackElo "2038"]
[Annotator "TA"]
[PlyCount "115"]
[EventDate "2019.08.25"]
[EventType "swiss"]
[EventCountry "SVK"]
[SourceTitle "playchess.com"]
[Source "ChessBase"]
[SourceQuality "1"]

{[%evp 18,115,10,-18,28,29,25,22,12,30,52,3,0,4,5,4,10,14,105,100,120,75,110,72,77,77,154,59,61,60,60,60,62,47,65,57,81,47,47,47,54,54,54,54,69,54,75,75,166,111,239,239,233,226,239,239,709,708,688,645,610,568,661,487,6712,6712,1473,11089,11383,10530,7127,239,6940,9272,29961,29962,29963,29963,29962,29967,29969,29970,29971,29971,29971,29972,29972,29973,29974,29974,29975,29976,29975,29977,29977,29977,29976,29977,29971,29972]} 1. e4 c5 2. Nf3 g6 3. d4 cxd4 4. Nxd4 Nc6 5. Be2 Nf6 6. Nc3 Bg7 7. Nb3 O-O 8. O-O d6 9. Re1 Be6 10. Bf1 Qc8 {B70: Sicilian Dragon: 6 g3 and 6 Be2 (without a later Be3)} (10... Rc8 11. Nd5 a6 12. c3 Nd7 13. Bg5 h6 14. Be3 Nce5 15. Qd2 Kh7 16. Bd4 b5 17. f4 Nc4 18. Qf2 Bxd5 19. exd5 {1-0 (41) Carlsen,M (2851)-Petrosian,T (2611) chess.com INT 2016}) 11. Nd5 Bxd5 12. exd5 Nb4 {The position is equal.} 13. c4 b5 14. Bd2 $146 ({Predecessor:} 14. a3 bxc4 15. axb4 cxb3 16. Rxe7 Qc2 17. Re1 Rfe8 18. Be3 {1-0 (47) Prasad,D (2441)-Abu Sufian,S (2226) Sri Lanka 2001}) 14... bxc4 15. Bxb4 cxb3 16. Rxe7 a5 17. Bxd6 {Threatens to win with Rc7.} Qd8 (17... Rd8 $1 $11 18. Bc7 Rxd5 19. Qxb3 Bf8) 18. Ba3 $1 $36 {[%mdl 2048] And now d6 would win. Keeping Black busy.} Nxd5 19. Rb7 Nb4 20. axb3 Qf6 21. Bc4 Rab8 {[#]} ({Black should try} 21... Rad8 22. Qe2 Qd6) 22. Bxb4 (22. Bxf7+ $1 $16 {[%mdl 512]} Kh8 (22... Rxf7 23. Rxb8+) 23. Rxb8 Rxb8 24. Bc4) 22... Rxb7 $14 23. Bxf8 Bxf8 24. Rxa5 Qxb2 25. h4 Qf6 26. g3 Rc7 27. Kg2 Bc5 28. Qf3 (28. Qe2 {seems wilder.} Qc6+ 29. f3 Qf6 30. Ra8+ Kg7 31. Qe8) 28... Kg7 29. Qxf6+ Kxf6 {[%mdl 4096] Endgame KRB-KRB} 30. g4 Ke7 31. f4 h6 32. Kf3 f6 (32... Kf8 $16 {was called for.}) 33. Ra8 (33. Ra6 $18) 33... g5 (33... f5 $16) 34. Rh8 $18 gxh4 35. Rxh6 Bd4 36. Rxh4 Kf8 $2 (36... f5 37. g5 Kf8) 37. Rh8+ Kg7 38. Rg8+ Kh7 {intending ...Rxc4.} 39. Rd8 Bc3 40. Bd3+ Kg7 41. Bf5 Kf7 42. Rd7+ Rxd7 43. Bxd7 {KB-KB} Ke7 44. Bb5 $2 (44. Bc8 Kd6 45. Ke3) 44... Kd6 $2 (44... f5 45. g5 (45. gxf5 Kf6 $16) 45... Kf7) 45. Ke4 Kc5 46. Bc4 {White mates.} Kd6 47. Kf5 Ke7 48. g5 fxg5 49. fxg5 Kf8 50. Ke6 Kg7 {[#]} 51. Bd3 $1 Bb4 52. Kd5 Kf7 53. Kc4 Bf8 54. b4 {[%cal Bb3b4,Bb4b5,Bb5b6][%mdl 32]} Ke6 55. b5 Kd6 56. Be4 Be7 57. g6 Bf6 58. b6 {Accuracy: White = 73%, Black = 35%.} 1-0

[Event "Skalica Open 2019"]
[Site "Skalica"]
[Date "2019.08.29"]
[Round "6.10"]
[White "Gasa, Patrik"]
[Black "Jablonicky, Martin"]
[Result "1-0"]
[WhiteElo "2187"]
[BlackElo "2343"]
[Annotator "TA"]
[PlyCount "97"]
[EventDate "2019.08.25"]
[EventType "swiss"]
[EventCountry "SVK"]
[SourceTitle "playchess.com"]
[Source "ChessBase"]
[SourceQuality "1"]

{[%evp 9,97,-9,25,30,41,38,35,0,29,20,52,18,44,41,52,52,42,42,39,37,49,29,50,39,51,40,62,36,34,26,62,69,83,81,74,32,84,80,183,166,173,115,115,102,102,102,1215,1213,29988,29989,29989,504,436,164,205,172,180,154,174,168,202,185,205,201,187,38,66,66,87,55,29,46,41,32,47,24,22,48,187,187,185,34,29979,29980,29980,29981,29980,29981,29991,29992]} 1. Nf3 g6 2. c4 Bg7 3. e3 Nf6 4. d4 O-O 5. b4 {[%cal Bb2b4,Bb4b5][%mdl 32]} (5. Be2 d6 6. O-O Nbd7 7. Nc3 e5 8. Qc2 c6 9. b3 Re8 10. Ba3 exd4 11. Nxd4 Nc5 12. Rad1 Qe7 13. b4 Nce4 14. Bb2 Nxc3 15. Qxc3 d5 16. Nb3 Nh5 17. Nd4 Nf6 18. a3 {½-½ (32) Mamedyarov,S (2817)-Nepomniachtchi,I (2763) Wijk aan Zee 2019}) 5... d5 6. Bb2 {E60: King's Indian: Unusual lines and Fianchetto Variation without Nc3} a5 7. b5 a4 $146 ({Predecessor:} 7... c6 8. a4 Ne4 9. Nbd2 Bg4 10. Be2 Nxd2 11. Nxd2 Bxe2 12. Qxe2 {1-0 (41) Matt,F (2276)-Groetz,H (2282) Austria 2015}) 8. a3 {White is slightly better.} dxc4 9. Bxc4 Nbd7 10. Nc3 Nb6 11. Ba2 Nfd5 12. Nxd5 Nxd5 13. O-O Ra5 14. Qe2 Bg4 15. Bc4 Nb6 16. Bd3 Qd5 17. Rac1 Rc8 18. Rc5 Bxf3 $1 19. gxf3 Qd6 20. Be4 Ra7 21. Rfc1 $36 {[%mdl 2048] White has strong initiative.} Nd7 22. R5c2 {[%cal Bc5c2,Bc2d2,Bd2d8][%mdl 32]} f5 (22... Nf6 $14) 23. Bd3 $1 $16 c5 (23... Nb6 $16) 24. Bc4+ $18 Kh8 25. dxc5 ({Better is} 25. Rd1 $1 $18 {Black must now prevent dxc5.} e6 26. dxc5 {[%mdl 64] Pin}) 25... Nxc5 $16 26. Rd1 Qb6 27. Rcd2 Bxb2 $4 {[%mdl 8192] [#]} (27... Raa8 $16) 28. Rd8+ $1 $18 {[%mdl 512]} Rxd8 (28... Qxd8 29. Qxb2+) 29. Rxd8+ Kg7 30. Qxb2+ (30. Rg8+ $142 Kf6 31. Qxb2+ e5 32. Rf8+ Kg5 33. Qxe5 Ne6 34. Rxf5+ $1 {[%mdl 512]} gxf5 35. Bxe6) 30... Qf6 31. Rg8+ (31. b6 $142 Qxb2 32. bxa7) 31... Kh6 32. Qxf6 exf6 {[%mdl 4096] Endgame KRB-KRN} 33. Rc8 b6 34. Rc6 Rb7 35. Rxf6 Kg7 36. Rd6 Kf8 37. Bd5 (37. Kf1 $18) 37... Rd7 $14 38. Rxd7 Nxd7 {KB-KN} 39. Kf1 Ke7 40. Ke2 Kd6 41. Bc4 Kc5 42. Bd3 Ne5 43. f4 Nc4 (43... Ng4 $14) 44. Bxc4 $1 $18 Kxc4 45. f3 $2 ({White has to play} 45. Kd2 $1 $18) 45... Kb3 $2 {[%mdl 8192] [#]} (45... h6 $14) 46. Kd3 $1 {White mates.} Kxa3 47. Kc3 Ka2 48. e4 a3 {[#]} 49. Kc2 $1 {Accuracy: White = 48%, Black = 43%.} 1-0

[Event "Skalica Open 2019"]
[Site "Skalica"]
[Date "2019.08.29"]
[Round "6.11"]
[White "Matejovic, Juraj"]
[Black "Hrbek, Stepan"]
[Result "1-0"]
[WhiteElo "2237"]
[BlackElo "2066"]
[Annotator "ChessBase"]
[PlyCount "65"]
[EventDate "2019.08.25"]
[EventType "swiss"]
[EventCountry "SVK"]
[SourceTitle "playchess.com"]
[Source "ChessBase"]
[SourceQuality "1"]
[TimeControl "40/5400+30:1800+30"]

1. e4 {[%emt 0:00:00]} c5 {[%emt 0:00:00]} 2. Nf3 {[%emt 0:00:00]} d6 {[%emt 0:02:25]} 3. d4 {[%emt 0:01:51]} cxd4 {[%emt 0:00:10]} 4. Nxd4 {[%emt 0:00:10]} Nf6 {[%emt 0:00:10]} 5. Nc3 {[%emt 0:00:11]} Nc6 {[%emt 0:03:48]} 6. Bg5 {[%emt 0:00:22]} e6 {[%emt 0:00:11]} 7. Qd2 {[%emt 0:07:23]} a6 {[%emt 0:00:19]} 8. O-O-O {[%emt 0:05:28]} Bd7 {[%emt 0:01:02]} 9. f4 {[%emt 0:12:03]} b5 {[%emt 0:00:46]} 10. a3 {[%emt 0:26:19]} Rb8 {[%emt 0:15:20]} 11. e5 {[%emt 0:08:08]} dxe5 {[%emt 0:00:34]} 12. fxe5 {[%emt 0:00:08]} Nxe5 {[%emt 0:00:29]} 13. Bf4 {[%emt 0:00:23]} Ng6 {[%emt 0:00:14]} 14. Bxb8 {[%emt 0:01:10]} Qxb8 {[%emt 0:00:20]} 15. Be2 {[%emt 0:05:56]} e5 {[%emt 0:32:47]} 16. Nb3 {[%emt 0:03:13]} Be6 {[%emt 0:00:43]} 17. Bf3 {[%emt 0:00:55]} Be7 {[%emt 0:03:00]} 18. Bc6+ {[%emt 0:00:11]} Kf8 {[%emt 0:00:03]} 19. Rhe1 {[%emt 0:03:08]} Qc8 {[%emt 0:09:03]} 20. Bf3 {[%emt 0:02:30]} Nd7 {[%emt 0:03:05]} 21. Nd5 {[%emt 0:01:24]} f6 {[%emt 0:02:45]} 22. Nxe7 {[%emt 0:00:52]} Nxe7 {[%emt 0:01:43]} 23. Qb4 {[%emt 0:02:14]} Kf7 {[%emt 0:18:11]} 24. Rd6 {[%emt 0:01:52]} Qc7 {[%emt 0:02:30]} 25. Nd4 {[%emt 0:04:03]} Bc4 {[%emt 0:01:45]} 26. Nc6 {[%emt 0:02:49]} Nf5 {[%emt 0:00:46]} 27. Rd2 {[%emt 0:00:31]} Nb6 {[%emt 0:00:47]} 28. g4 {[%emt 0:04:54]} Nh4 {[%emt 0:00:10]} 29. Be4 {[%emt 0:00:21]} Ng6 {[%emt 0:00:32]} 30. Qc5 {[%emt 0:01:04]} Nf4 {[%emt 0:00:28]} 31. Nd8+ {[%emt 0:00:55]} Qxd8 {[%emt 0:00:05]} 32. Rxd8 {[%emt 0:00:09]} Rxd8 {[%emt 0:00:05]} 33. Qxb6 {[%emt 0:00:19]} 1-0

[Event "Skalica Open 2019"]
[Site "Skalica"]
[Date "2019.08.29"]
[Round "6.12"]
[White "Bochnicka, Vladimir"]
[Black "Khmelev, Mikhail"]
[Result "1/2-1/2"]
[WhiteElo "2193"]
[BlackElo "2021"]
[Annotator "ChessBase"]
[PlyCount "59"]
[EventDate "2019.08.25"]
[EventType "swiss"]
[EventCountry "SVK"]
[SourceTitle "playchess.com"]
[Source "ChessBase"]
[SourceQuality "1"]
[TimeControl "40/5400+30:1800+30"]

1. e4 {[%emt 0:00:00]} c5 {[%emt 0:00:00]} 2. Nf3 {[%emt 0:00:00]} Nc6 {[%emt 0:00:00]} 3. Nc3 {[%emt 0:00:00]} e6 {[%emt 0:00:51]} 4. d4 {[%emt 0:00:00]} cxd4 {[%emt 0:00:07]} 5. Nxd4 {[%emt 0:00:05]} Qc7 {[%emt 0:00:05]} 6. Be3 {[%emt 0:00:46]} a6 {[%emt 0:00:47]} 7. Qf3 {[%emt 0:03:39]} Nf6 {[%emt 0:07:46]} 8. O-O-O {[%emt 0:00:35]} Bb4 {[%emt 0:08:44]} 9. Nxc6 {[%emt 0:01:28]} Bxc3 {[%emt 0:00:40]} 10. bxc3 {[%emt 0:04:55]} Qxc6 {[%emt 0:00:06]} 11. Bd4 {[%emt 0:11:59]} Qxe4 {[%emt 0:00:09]} 12. Qxe4 {[%emt 0:16:31]} Nxe4 {[%emt 0:00:06]} 13. Bxg7 {[%emt 0:00:10]} Rg8 {[%emt 0:00:01]} 14. Bd4 {[%emt 0:00:13]} d5 {[%emt 0:05:08]} 15. f3 {[%emt 0:07:01]} Nd6 {[%emt 0:00:14]} 16. Bd3 {[%emt 0:00:29]} Nf5 {[%emt 0:03:24]} 17. Be5 {[%emt 0:05:01]} Rxg2 {[%emt 0:01:57]} 18. Bxf5 {[%emt 0:16:55]} exf5 {[%emt 0:00:23]} 19. Rd4 {[%emt 0:02:08]} Re2 {[%emt 0:08:59]} 20. Bg3 {[%emt 0:01:00]} Be6 {[%emt 0:00:07]} 21. Rh4 {[%emt 0:09:30]} O-O-O {[%emt 0:00:12]} 22. Re1 {[%emt 0:04:13]} Rxe1+ {[%emt 0:00:08]} 23. Bxe1 {[%emt 0:01:07]} Rh8 {[%emt 0:00:09]} 24. Rh6 {[%emt 0:00:23]} f4 {[%emt 0:00:24]} 25. Bd2 {[%emt 0:01:48]} Bf5 {[%emt 0:00:29]} 26. Rh5 {[%emt 0:01:51]} Bg6 {[%emt 0:01:59]} 27. Rxd5 {[%emt 0:00:23]} Rd8 {[%emt 0:00:09]} 28. c4 {[%emt 0:01:24]} Rxd5 {[%emt 0:00:08]} 29. cxd5 {[%emt 0:00:01]} Bh5 {[%emt 0:00:07]} 30. Bxf4 {[%emt 0:00:41]} 1/2-1/2

[Event "Skalica Open 2019"]
[Site "Skalica"]
[Date "2019.08.29"]
[Round "6.13"]
[White "Skalsky, Alexandr"]
[Black "Bilczewski, Kacper"]
[Result "1/2-1/2"]
[WhiteElo "2128"]
[BlackElo "2116"]
[Annotator "ChessBase"]
[PlyCount "99"]
[EventDate "2019.08.25"]
[EventType "swiss"]
[EventCountry "SVK"]
[SourceTitle "playchess.com"]
[Source "ChessBase"]
[SourceQuality "1"]
[TimeControl "40/5400+30:1800+30"]

1. e4 {[%emt 0:00:00]} e6 {[%emt 0:00:00]} 2. d4 {[%emt 0:00:00]} d5 {[%emt 0:00:00]} 3. Nc3 {[%emt 0:00:00]} Nf6 {[%emt 0:00:06]} 4. e5 {[%emt 0:00:00]} Nfd7 {[%emt 0:00:04]} 5. Nce2 {[%emt 0:00:34]} c5 {[%emt 0:00:19]} 6. c3 {[%emt 0:00:22]} Nc6 {[%emt 0:00:30]} 7. Nf3 {[%emt 0:00:04]} Be7 {[%emt 0:11:46]} 8. a3 {[%emt 0:00:58]} c4 {[%emt 0:10:07]} 9. g3 {[%emt 0:24:43]} Na5 {[%emt 0:02:50]} 10. Rb1 {[%emt 0:01:50]} Nb3 {[%emt 0:01:41]} 11. Be3 {[%emt 0:00:45]} b5 {[%emt 0:00:14]} 12. Nd2 {[%emt 0:04:28]} Nxd2 {[%emt 0:01:06]} 13. Bxd2 {[%emt 0:05:24]} a5 {[%emt 0:00:16]} 14. f4 {[%emt 0:07:24]} f5 {[%emt 0:00:39]} 15. g4 g6 {[%emt 0:17:49]} 16. gxf5 {[%emt 0:23:05]} exf5 {[%emt 0:02:00]} 17. Bg2 {[%emt 0:02:19]} Nf8 {[%emt 0:00:16]} 18. O-O {[%emt 0:04:31]} a4 {[%emt 0:01:58]} 19. Ng3 {[%emt 0:02:58]} Qd7 {[%emt 0:06:10]} 20. Re1 {[%emt 0:03:22]} Qe6 {[%emt 0:03:51]} 21. Nf1 {[%emt 0:00:48]} Bb7 {[%emt 0:00:05]} 22. Ne3 {[%emt 0:02:18]} O-O-O {[%emt 0:01:08]} 23. Rf1 {[%emt 0:01:04]} Qd7 {[%emt 0:00:27]} 24. Qf3 {[%emt 0:03:35]} Ne6 {[%emt 0:00:06]} 25. Qh3 {[%emt 0:00:58]} Rdf8 {[%emt 0:03:13]} 26. Rf3 {[%emt 0:06:44]} Kb8 {[%emt 0:05:39]} 27. Nc2 {[%emt 0:01:57]} Bd8 {[%emt 0:04:41]} 28. Qg3 {[%emt 0:00:28]} Rhg8 {[%emt 0:00:47]} 29. Qf2 {[%emt 0:01:13]} Be7 {[%emt 0:02:33]} 30. Kf1 {[%emt 0:00:17]} h6 {[%emt 0:02:56]} 31. Ke2 {[%emt 0:00:44]} g5 {[%emt 0:04:50]} 32. Rf1 {[%emt 0:00:05]} g4 {[%emt 0:01:00]} 33. Re3 {[%emt 0:00:05]} Qd8 {[%emt 0:01:17]} 34. Kd1 {[%emt 0:00:37]} h5 {[%emt 0:02:08]} 35. Be1 {[%emt 0:01:16]} Nxf4 {[%emt 0:07:34]} 36. Qxf4 {[%emt 0:00:08]} Bg5 {[%emt 0:00:04]} 37. Qf2 {[%emt 0:00:47]} f4 {[%emt 0:00:04]} 38. Rf3 {[%emt 0:01:08]} Qd7 {[%emt 0:01:46]} 39. Qe2 {[%emt 0:00:53]} Qf5 {[%emt 0:05:06]} 40. R3f2 {[%emt 0:01:19]} Qg6 {[%emt 0:02:10]} 41. Bd2 {[%emt 0:11:34]} f3 {[%emt 0:05:24]} 42. Bxf3 {[%emt 0:01:56]} gxf3 {[%emt 0:00:06]} 43. Rxf3 {[%emt 0:00:06]} Rxf3 {[%emt 0:00:06]} 44. Qxf3 {[%emt 0:02:33]} Bc8 {[%emt 0:00:29]} 45. h3 {[%emt 0:09:06]} Bxd2 {[%emt 0:04:28]} 46. Kxd2 {[%emt 0:00:54]} Qg2+ {[%emt 0:00:04]} 47. Rf2 {[%emt 0:00:42]} Qxf3 {[%emt 0:02:35]} 48. Rxf3 {[%emt 0:00:01]} Rg2+ {[%emt 0:00:06]} 49. Kd1 {[%emt 0:01:21]} Be6 {[%emt 0:01:18]} 50. Rf6 {[%emt 0:04:05]} 1/2-1/2